000 00793nam a2200265Ia 4500
003 OSt
005 20220925180838.0
006 a|||||r|||| 00| 0
007 ta
008 220923b |||||||| |||| 00| 0 eng d
020 _a0521267269
037 _cGeneral Book
040 _aRTL
_cRTL
_beng
041 _2eng
_aeng
082 _aV677.N8<--N52, M5
100 _aHinnebusch Raymond A
_9252120
245 0 _aEgyptian politics under Sadat
_b The post-populist d
260 _aCambridge
_bUniversity Press
_c1985
300 _aviii, 322p
_ccm.
490 _aCambridge Middle East Library
500 _aBibliography: P 309-15
650 _aAfrica History
_920294
942 _hV677.N8<--N52, M5
_cGB
_2CC
999 _c497656
_d497656